| 000 | 00748caa a2200205 4500 | ||
|---|---|---|---|
| 999 |
_c458390 _d458390 |
||
| 001 | 5148485 | ||
| 003 | UA-OsUOA | ||
| 005 | 20200302165605.0 | ||
| 008 | 200302b un ||||| |||| 00| 0 ukr d | ||
| 040 |
_aUA-OsUOA _bukr _cUA-OsUOA _dUA-OsUOA |
||
| 041 | _aukr | ||
| 080 | _a908 | ||
| 090 | _a908 | ||
| 100 | _aКінд-Войтюк Н. | ||
| 245 |
_aІсторія Острога та Волині у науковій спадщині Митрополита Анатолія Дублянського _cН. Кінд-Войтюк |
||
| 300 | _aС. 53–59 | ||
| 650 | _2UDC | ||
| 773 | 0 |
_0399317 _9416565 _dОстрог НаУОА 2013 _o148880 _tОстрозький краєзнавчий збірник _w(UA-OsUOA) 113460 |
|
| 942 |
_2udc _cBKA |
||